00707nam a2200229 a 4500001001000000003000500010005001700015008004100032010001100073011001100084020001500095040000900110082001600119100003800135245004300173260005700216300001100273490003600284650006700320651005400387830003600441000114401CHAP20220329144439.0180119s1983 mx |r| ||||f|spa d a110862 a111834 a9681503074 cCHAP04a891.85bS571 aSienkiewicz, Henryk,d1846 - 191610aQuo Vadis? /cpor Enrique Sienkiewicz. aMéxico, D. F. :bEditores Mexicanos Unidos,c1983. a392 p.0 aColección literaria universal14aIglesiayHistoria de los primeros tiempos, ca. 30-600vNovela. 4aRomayHistoriayNerón, 54-68vNovelaxHistoria.0 aColección literaria universal